L'anarchie et la révolte de la jeunesse (Record no. 168824)

MARC details
000 -LEADER
campo de control de longitud fija 00755nam a22002175i 4500
001 - NÚMERO DE CONTROL
campo de control 168824
003 - IDENTIFICADOR DE NÚMERO DE CONTROL
campo de control ES-MaACL
005 - FECHA Y HORA DE LA ÚLTIMA TRANSACCIÓN
campo de control 20230906213912.0
008 - DATOS DE LONGITUD FIJA--INFORMACIÓN GENERAL
campo de control de longitud fija 080612s1970 fr |||| | fre d
080 ## - NÚMERO DE LA CLASIFICACIÓN DECIMAL UNIVERSAL
Número de la Clasificación Decimal Universal 329.285"19"
080 ## - NÚMERO DE LA CLASIFICACIÓN DECIMAL UNIVERSAL
Número de la Clasificación Decimal Universal 330.862"19"
100 1# - ENTRADA PRINCIPAL--NOMBRE DE PERSONA
Nombre de persona Joyeux, Maurice.
9 (RLIN) 67082
245 12 - MENCIÓN DEL TÍTULO
Título L'anarchie et la révolte de la jeunesse
Resto del título : une hérésie politique dans la société contemporaine /
Mención de responsabilidad, etc. par Maurice Joyeux.
260 ## - PUBLICACIÓN, DISTRIBUCIÓN, ETC.
Lugar de publicación, distribución, etc. Paris :
Nombre del editor, distribuidor, etc. Casterman,
Fecha de publicación, distribución, etc. [1970]
300 ## - DESCRIPCIÓN FÍSICA
Extensión 163 p. ;
Dimensiones 18 cm.
490 1# - MENCIÓN DE SERIE
Mención de serie Mutations, orientations ;
Designación de volumen o secuencia 7
650 14 - PUNTO DE ACCESO ADICIONAL DE MATERIA--TÉRMINO DE MATERIA
Término de materia o nombre geográfico como elemento de entrada Anarquismo-
Subdivisión cronológica S.XX.
9 (RLIN) 137945
830 0# - PUNTO DE ACCESO ADICIONAL DE SERIE-TÍTULO UNIFORME
Título uniforme Mutations, orientations ;
Designación de volumen o secuencia 7
9 (RLIN) 222766
852 ## - LOCALIZACIÓN
Ubicación ES-MaACL
Número de control de estantería E-12186
itemnumber R.190393
Nota libre .- Biblioteca Jacinto Martínez Lacalle
Holdings
Estatus retirado Estado de pérdida Estado de daño No para préstamo Biblioteca de origen Biblioteca actual Ubicación en estantería Fecha de adquisición Fuente de adquisición Total de préstamos Signatura topográfica completa Código de barras Visto por última vez Precio de reemplazo Tipo de ítem Koha
        Biblioteca del Ateneo de Madrid Biblioteca del Ateneo de Madrid Depósito 2 12/06/2008     E-12186 1177168 23/02/2023 23/02/2023 Libro impreso